000 00671nam a2200289Ia 4500
005 20260324114834.0
008 008 260324s9999 xx 000 0 eng d
020 _a9781003221432
037 _aEBOOK
040 _aCRL
040 _beng
040 _cCRL
041 _2eng
041 _aeng
084 _qCRL
100 _aHarish Parthasarathy
_91081917
245 0 _aQuantum Mechanics
245 0 _bFor Scientists and Engineers
260 _bTaylor and Francis
260 _c2021
365 _a
365 _b225
856 _uhttp://www.taylorfrancis.com/books/9781003221432
942 _cEBOOK
999 _c1742778
_d1742778